00525nam a2200169Ia 4500008004100000082001600041100002200057245003600079250000800115260002800123300001100151500002400162650001600186942000700202952012900209999001700338230524s9999 xx 000 0 und d a510.21bPON aS.Ponnusamy98995 0aFoundations of Complex Analysis a2ND aNEW DELHIbNarosac2005 aXI;508 aQuantity Number: 1 aMathematics cBK 00104070aTATCLbTATCLcGENd2023-05-24l1o510.21 PONp6311q2012-09-06r2024-01-25s2024-01-25w2023-05-24yBKzBSCM2101 c12876d12876